Les 20 plus importantes entreprises de boissons du monde - Statistiques

Statistiques générales
  • Ce quiz a été pris 148 fois
  • Le résultat moyen est 5 sur 20
Statistiques - réponses
Rang Entreprise de boissons % Correct
1 Coca-Cola
100%
6 Pepsi
81%
14 Fanta
75%
18 Sprite
48%
3 Red Bull
38%
8 Heineken
35%
12 Monster
25%
15 Jack Daniel's
17%
5 Corona
12%
7 Budweiser
8%
20 Gatorade
5%
16 Hennessy
4%
9 Modelo
2%
13 Diet Coke
1%
10 Johnnie Walker
1%
19 Michelob Ultra
1%
2 Moutai
1%
17 National Cellar 1573
1%
4 Nongfu Spring
1%
11 Wu Liang Ye
1%
Aucun quiz correspondant
Distribution des résultats
% des personnes avec chaque résultat
Percentile par nombre de réponses
Votre historique - résultats
Vous n’avez pas pris ce quiz